000 01530nam0a22003731 4500
001 v19\rc\1900006
005 20251118180445.9
035 _a(NLR Aleph) 004985415
090 _a6229295
_c6229296
100 _a20080221e19111910|||y0rusy50 ca
101 0 _arus
102 _aRU
105 _aac z |||||
200 1 _aВсеволод Иванович Роборовский
_e[Род. 26 апр. 1856 г. сконч. 23 июля 1910 г.]
_e[Некролог]
_fП. Козлов
210 _aСанкт-Петербург
_cтип. М.М. Стасюлевича
_d1911
215 _a11 с., 1 л. портр.
_cил.
_d24
309 _aБез тит. л.
311 _aОтт. из "Изв. Имп. Рус. геогр. о-ва". Т. 46, вып. 8-10, 1910 г., с. 357-367
488 0 _12001#$aИзвестия Императорского Русского географического общества$v1910, т. 46, вып. 8-10
_1215##$aС. 357-367
532 1 3 _aВсеволод Иванович Роборовский
700 1 _aКозлов
_bП. К.
_f1863-1935
_gПетр Кузьмич
702 1 _aРоборовский
_bВ. И.
_f1856-1910
_gВсеволод Иванович
_4570
801 0 _aRU
_bNLR
_gpsbo
801 0 _aRU
_bRuMoRGB
_2psbo
801 1 _aRU
_bProSoft-M
_2rusmarc
852 _aNLR
_j20.104.8.494
899 _aRuMoRGB
_jW 479/143
899 _aRuMoRGB
_jF 104/418
899 _aБАН
899 _aНБ СПбГУ
899 _aГПИБ
942 _cBOOK
980 _aNB